Daremný poudačky /

Uložené v:
Podrobná bibliografia
Hlavný autor: Kubátová, Marie, 1922-2013 (Author)
Ďalší autori: Hladík, Jan, 1927- (Illustrator), Cuřín, František (Editor)
Médium: Kniha
Jazyk:Czech
Vydané: Praha : Mladá fronta, 1956.
Vydanie:1. vyd.
Edícia:Úsměvy (Mladá fronta) sv. 23
Témy:
ISBN: (viaz.)
Fyzický popis: 235 s. : il.
Tagy: Pridať tag
Žiadne tagy, Buďte prvý kto otaguje tento záznam!

MARC

LEADER 00000nam a22000001 4500
001 000441237
005 20131023201557.0
008 981221s1956 xr cze
020 |a (viaz.)  |c Kčs 9,05 
040 |a SVKKK  |b slo  |c SVKKK  |e AACR2 
041 0 |a cze 
043 |a e-xr---  |b e-xr-kr 
044 |a xr  |c CZ 
080 |a 398.21  |2 2001 
080 |a 821.162.3-34  |2 2001 
080 |a (437.31-17)  |2 2001 
080 |a (438-14)  |2 2001 
100 1 |a Kubátová, Marie,  |d 1922-2013  |4 aut 
245 1 0 |a Daremný poudačky /  |c Marie Kubátová ; ilustroval Jan Hladík ; [předmluva: Stanislav Neumann ; red. poznámka: František Cuřín]. 
250 |a 1. vyd. 
260 |a Praha :  |b Mladá fronta,  |c 1956. 
300 |a 235 s. :  |b il. 
490 1 |a Úsměvy  |v sv. 23 
500 |a Slovníček nárečí 
650 0 7 |a české povesti  |2 SVKKKPH 
651 7 |a Krkonoše (Česko a Poľsko)  |2 SVKKKPH 
651 7 |a Podkrkonošie (Česko)  |2 SVKKKPH 
655 7 |a české rozprávky  |2 SVKKKPH 
700 1 |a Hladík, Jan,  |d 1927-  |4 ill 
700 1 |a Cuřín, František  |4 edt 
830 0 |a Úsměvy (Mladá fronta)  |v sv. 23 
910 |a svkkk 
998 |a BK 
090 |g SCKHL  |k Sklad Pribinova prízemie  |a I.7938  |j 128607  |i 2720384300  |s Prezenčne 
090 |g SCKHL  |k Sklad Pribinova prízemie  |a I.9297  |j 134938  |i 2720386655  |s Prezenčne